000
00297nam a2200109Ia 4500
008
200302s9999 xx 000 0 und d
100
_a
P. C. Varghese
245
_a
Limit State Design of Reinforced Concrete 2nd ed.
260
_b
Prentice Hall International Ltd.
260
_c
2002
300
_a
545 P.,
999
_c
1885
_d
1885